| 000 | 00690nam a2200205Ia 4500 | ||
|---|---|---|---|
| 001 | 15873 | ||
| 003 | GE_BSU | ||
| 008 | 181216s||||||||xx |||||||||||||| ||und|| | ||
| 040 | _cGE_BSU | ||
| 080 | _a821.353.1-1 | ||
| 100 | _aჭავჭავაძე, ა.გ. | ||
| 245 | _aთხზულებანი | ||
| 245 | _cი. გრიშაშვილის რედ., წინათქმით, შენიშვ. და ლექსიკონით. | ||
| 260 | _aთბილისი | ||
| 260 | _bფედერაცია | ||
| 260 | _c1940 | ||
| 300 | _a368გვ. : 1 ჩ.ფ პორტრ. ; 21სმ.. | ||
| 653 | _aთხზულებანი | ||
| 942 | _cBK | ||
| 999 |
_c48970 _d48970 |
||